|
|
|
|
| LEADER |
03506nam a22005655i 4500 |
| 001 |
978-3-540-37372-8 |
| 003 |
DE-He213 |
| 005 |
20151204165710.0 |
| 007 |
cr nn 008mamaa |
| 008 |
100301s2007 gw | s |||| 0|eng d |
| 020 |
|
|
|a 9783540373728
|9 978-3-540-37372-8
|
| 024 |
7 |
|
|a 10.1007/978-3-540-37372-8
|2 doi
|
| 040 |
|
|
|d GrThAP
|
| 050 |
|
4 |
|a TA329-348
|
| 050 |
|
4 |
|a TA640-643
|
| 072 |
|
7 |
|a TBJ
|2 bicssc
|
| 072 |
|
7 |
|a MAT003000
|2 bisacsh
|
| 082 |
0 |
4 |
|a 519
|2 23
|
| 245 |
1 |
0 |
|a Computational Intelligence in Reliability Engineering
|h [electronic resource] :
|b New Metaheuristics, Neural and Fuzzy Techniques in Reliability /
|c edited by Gregory Levitin.
|
| 264 |
|
1 |
|a Berlin, Heidelberg :
|b Springer Berlin Heidelberg,
|c 2007.
|
| 300 |
|
|
|a XIV, 413 p.
|b online resource.
|
| 336 |
|
|
|a text
|b txt
|2 rdacontent
|
| 337 |
|
|
|a computer
|b c
|2 rdamedia
|
| 338 |
|
|
|a online resource
|b cr
|2 rdacarrier
|
| 347 |
|
|
|a text file
|b PDF
|2 rda
|
| 490 |
1 |
|
|a Studies in Computational Intelligence,
|x 1860-949X ;
|v 40
|
| 505 |
0 |
|
|a The Ant Colony Paradigm for Reliable Systems Design -- Modified Great Deluge Algorithm versus Other Metaheuristics in Reliability Optimization -- Applications of the Cross-Entropy Method in Reliability -- Particle Swarm Optimization in Reliability Engineering -- Cellular Automata and Monte Carlo Simulation for Network Reliability and Availability Assessment -- Network Reliability Assessment through Empirical Models using a Machine Learning Approach -- Neural Networks for Reliability-Based Optimal Design -- Software Reliability Predictions using Artificial Neural Networks -- Computation Intelligence in Online Reliability Monitoring -- Imprecise Reliability: An Introductory Overview -- Posbist Reliability Theory for Coherent Systems -- Analyzing Fuzzy System Reliability Based on the Vague Set Theory -- Fuzzy Sets in the Evaluation of Reliability -- Grey Differential Equation GM(1,1) Models in Repairable System Modeling.
|
| 520 |
|
|
|a This volume contains chapters presenting applications of different metaheuristics (ant colony optimization, great deluge algorithm, cross-entropy method and particle swarm optimization) in reliability engineering. It also includes chapters devoted to cellular automata and support vector machines and different applications of artificial neural networks, a powerful adaptive technique that can be used for learning, prediction and optimization. Several chapters describe different aspects of imprecise reliability and applications of fuzzy and vague set theory.
|
| 650 |
|
0 |
|a Engineering.
|
| 650 |
|
0 |
|a Artificial intelligence.
|
| 650 |
|
0 |
|a Applied mathematics.
|
| 650 |
|
0 |
|a Engineering mathematics.
|
| 650 |
|
0 |
|a Computational intelligence.
|
| 650 |
|
0 |
|a Quality control.
|
| 650 |
|
0 |
|a Reliability.
|
| 650 |
|
0 |
|a Industrial safety.
|
| 650 |
1 |
4 |
|a Engineering.
|
| 650 |
2 |
4 |
|a Appl.Mathematics/Computational Methods of Engineering.
|
| 650 |
2 |
4 |
|a Artificial Intelligence (incl. Robotics).
|
| 650 |
2 |
4 |
|a Quality Control, Reliability, Safety and Risk.
|
| 650 |
2 |
4 |
|a Applications of Mathematics.
|
| 650 |
2 |
4 |
|a Computational Intelligence.
|
| 700 |
1 |
|
|a Levitin, Gregory.
|e editor.
|
| 710 |
2 |
|
|a SpringerLink (Online service)
|
| 773 |
0 |
|
|t Springer eBooks
|
| 776 |
0 |
8 |
|i Printed edition:
|z 9783540373711
|
| 830 |
|
0 |
|a Studies in Computational Intelligence,
|x 1860-949X ;
|v 40
|
| 856 |
4 |
0 |
|u http://dx.doi.org/10.1007/978-3-540-37372-8
|z Full Text via HEAL-Link
|
| 912 |
|
|
|a ZDB-2-ENG
|
| 950 |
|
|
|a Engineering (Springer-11647)
|